Relación práctica del Zen al Budo / (Record no. 135084)

MARC details
000 -LEADER
campo de control de longitud fija 00591nam a2200205 i 4500
001 - NÚMERO DE CONTROL
campo de control 135084
003 - IDENTIFICADOR DE NÚMERO DE CONTROL
campo de control ES-MaACL
005 - FECHA Y HORA DE LA ÚLTIMA TRANSACCIÓN
campo de control 20230906194813.0
007 - CAMPO FIJO DE DESCRIPCIÓN FÍSICA--INFORMACIÓN GENERAL
campo de control de longitud fija t|
008 - DATOS DE LONGITUD FIJA--INFORMACIÓN GENERAL
campo de control de longitud fija 070709s1971 sp ||||1| spa d
080 ## - NÚMERO DE LA CLASIFICACIÓN DECIMAL UNIVERSAL
Número de la Clasificación Decimal Universal 294.321
080 ## - NÚMERO DE LA CLASIFICACIÓN DECIMAL UNIVERSAL
Número de la Clasificación Decimal Universal 796.85
100 1# - ENTRADA PRINCIPAL--NOMBRE DE PERSONA
Nombre de persona Thomas, Raymond.
9 (RLIN) 110044
245 10 - MENCIÓN DEL TÍTULO
Título Relación práctica del Zen al Budo /
Mención de responsabilidad, etc. Raymond Thomas ; adaptación J.S. Comas ; dibujos del propio autor.
260 ## - PUBLICACIÓN, DISTRIBUCIÓN, ETC.
Lugar de publicación, distribución, etc. Barcelona :
Nombre del editor, distribuidor, etc. Alas,
Fecha de publicación, distribución, etc. [1971]
300 ## - DESCRIPCIÓN FÍSICA
Extensión 77 p. ;
Dimensiones 19 cm.
700 1# - ENTRADA AGREGADA--NOMBRE PERSONAL
Nombre de persona Comas, J. S.
9 (RLIN) 220106
852 ## - LOCALIZACIÓN
Ubicación ES-MaACL
Número de control de estantería C-45959
Sublocalización o colección R.79648
Holdings
Estatus retirado Estado de pérdida Estado de daño No para préstamo Biblioteca de origen Biblioteca actual Ubicación en estantería Fecha de adquisición Fuente de adquisición Total de préstamos Signatura topográfica completa Código de barras Visto por última vez Precio de reemplazo Tipo de ítem Koha
        Biblioteca del Ateneo de Madrid Biblioteca del Ateneo de Madrid Depósito 2 17/01/2008     C-45959 1140602 23/02/2023 23/02/2023 Libro impreso